Statistics for States Won by Obama in the 2012 US Election

Click here to take the quiz!

General Stats

  • This quiz has been taken 1,295 times
  • The average score is 22 of 26

Answer Stats

State% Correct
California
97%
New York
96%
Washington
94%
Florida
92%
Oregon
92%
Maine
90%
New Hampshire
89%
Vermont
89%
Michigan
88%
Ohio
88%
Illinois
85%
Massachusetts
85%
Rhode Island
85%
Pennsylvania
84%
Connecticut
82%
New Jersey
82%
Virginia
82%
Hawaii
81%
Maryland
80%
Wisconsin
80%
Delaware
79%
Minnesota
79%
New Mexico
79%
Colorado
76%
Nevada
74%
Iowa
72%

Score Distribution

Percentile by Number Answered

Percent of People with Each Score

Your Score History

You have not taken this quiz